000 01072nam a22002297a 4500
005 20250402104953.0
008 250402b |||||||| |||| 00| 0 eng d
020 _a978-93-95817-17-2 (pbk)
037 _cTB
040 _aCRL
_cCRL
041 _2hin
_ahin
084 _aΔ2y7M63 152R3
_qCRL
100 _aचौधुरी, इंद्र नाथ
245 _aस्वामी विवेकानंद:
_bभारत का स्वर
260 _aनई दिल्ली, भारत:
_bसस्ता साहित्य मण्डल प्रकाशन,
_c2023.
300 _a223पृ0
365 _b300.00
_cINR
650 _aस्वामी विवेकानंद
650 _aआध्यात्मिक अनुभव और रहस्यवाद
942 _2CC
_cTB
_hΔ2y7M63 152R3
_n0
999 _c1308379
_d1308379